Shanghai Cooperation Organization (SCO) members - Statistics

General Stats
  • This quiz has been taken 67 times
  • The average score is 21 of 26
Answer Stats
Hint Answer % Correct
Member China
100%
Member India
98%
Member Pakistan
93%
Member Russia
93%
Observer Mongolia
90%
Member Tajikistan
90%
Member Uzbekistan
90%
Member Kazakhstan
88%
Member Kyrgyzstan
88%
Observer Iran
85%
Dialogue Partner Sri Lanka
85%
Dialogue Partner Turkey
85%
Applicant for Dialogue Partner Vietnam
85%
Applicant for Dialogue Partner Iraq
83%
Applicant for Observer Syria
83%
Dialogue Partner Armenia
80%
Dialogue Partner Azerbaijan
80%
Observer Afghanistan
78%
Applicant for Observer Bangladesh
75%
Observer Belarus
75%
Dialogue Partner Nepal
75%
Dialogue Partner Cambodia
73%
Applicant for Dialogue Partner Maldives
65%
Applicant for Observer Egypt
63%
Applicant for Dialogue Partner Ukraine
48%
Applicant for Dialogue Partner Israel
40%
No matching quizzes found
Score Distribution
Percent of People with Each Score
Percentile by Number Answered
Your Score History
You have not taken this quiz